| 000 | 01796nam a2200409Ii 4500 | ||
|---|---|---|---|
| 001 | DIGUCP0015 | ||
| 003 | NyNyDIG | ||
| 006 | m o d | ||
| 007 | cr ||||||||||| | ||
| 008 | 240202s2018 ck ao ob 100 0 spa d | ||
| 035 | _a(OCoLC)1422054921 | ||
| 040 |
_aDGITA _beng _erda _epn _cDGITA |
||
| 020 |
_a9789588487380 _q(electrónico) |
||
| 050 | 1 | 4 | _aHM1271 ebook |
| 111 | 2 |
_aSimposio Internacional de Horizontes Humanos _d(2017 : _cToledo España), _jauthor. |
|
| 245 | 1 | 0 |
_aDiversidades e inclusiones : _bdesfronterizar lenguajes económicos, socioculturales y educativos / _cV Simposio Internacional de Horizontes Humanos, Toledo España ; Miguel Alberto González González, compilador ; autores del libro, Miguel Alberto González González [and 32 others]. |
| 250 | _aPrimera edición. | ||
| 264 | 1 |
_aPereira : _bUniversidad Católica de Pereira, _c2018. |
|
| 300 |
_a1 online resource : _billustrations, photographs. |
||
| 336 |
_atext _btxt _2rdacontent |
||
| 337 |
_acomputer _bc _2rdamedia |
||
| 338 |
_aonline resource _bcr _2rdacarrier |
||
| 347 |
_atext file _2rdaft |
||
| 347 | _bPDF | ||
| 504 | _aIncludes bibliographical references. | ||
| 588 | 0 | _aOnline resource; title from PDF title page (Digitalia, viewed February 2, 2024) | |
| 650 | 0 |
_aMulticulturalism _vCongresses. |
|
| 650 | 0 |
_aForced migration _vCongresses. |
|
| 650 | 0 |
_aCultural pluralism _vCongresses. |
|
| 650 | 0 |
_aMulticultural education _vCongresses. |
|
| 700 | 1 |
_aGonzález González, Miguel Alberto, _d1965- _eeditor, _eauthor. |
|
| 791 | 2 |
_aDigitalia (Firm), _edistributor. |
|
| 793 | 0 |
_gDigitalia eBook Collection: _aUniversidad Católica de Pereira |
|
| 856 | 4 | 0 |
_3Digitalia Hispánica _uhttps://www.digitaliapublishing.com/a/133283/ |
| 910 | _aPremium collection: 2024 | ||
| 942 | _cRAA | ||
| 999 |
_c282484 _d282484 |
||